El mentor de fìsica y quìmica : (Registro nro. 31243)

Detalles MARC
000 -CABECERA
Longitud fija campo de control 00940nam a2200205 a 4500
003 - • IDENTIFICADOR DELl NÚMERO DE CONTROL
Identificador del número de control CO-ViMGA
008 - • CÓDIGOS DE INFORMACIÓN DE LONGITUD FIJA
Códigos de información de longitud fija 141112s2004 ck r 000 u spa d
020 ## - • NÚMERO INTERNACIONAL NORMALIZADO PARA LIBROS
Número Internacional Normalizado para Libros (ISBN) 9788449437441
040 ## - FUENTE DE LA CATALOGACIÓN
Centro catalogador de origen CO-ViMGA
Lengua de catalogación spa
Centro transcriptor CO-ViMGA
082 04 - • NÚMERO DE LA CLASIFICACIÓN DECIMAL DEWEY
Número de clasificación (R) 530 M357
100 1# - • PUNTO DE ACCESO PRINCIPAL-NOMBRE DE PERSONA
Nombre de persona Gispert, Carlos
245 10 - • TITULO PROPIAMENTE DICHO
Título El mentor de fìsica y quìmica :
Resto del título Con ejercicios resueltos
300 ## - • DESCRIPCIÓN FÍSICA
Extensión 456p.
505 ## - • NOTA DE CONTENIDO CON FORMATO
Nota de contenido con formato FISICA : Introducion a la fisica, Estatica, Cinematica, Dinamico, Trabajo, potencia y energia, Movimiento circular, Acustica, Termologia, Electroestatica, Electrocinética \ QUIMICA : Introduccion a la quimica, Reacciones y compuestos quimicos, Quimica cuantitativa, Estados de la materia, Ecuaciones quimicas, Estructura atomica, Tabla periodica de los elementos, Enlace quimico
650 14 - • PUNTO DE ACCESO ADICIONAL DE MATERIA - TÉRMINO DE MATERIA
Término de materia o nombre geográfico como elemento inicial FISICA - PROBLEMAS, JERCICIOS
650 14 - • PUNTO DE ACCESO ADICIONAL DE MATERIA - TÉRMINO DE MATERIA
Término de materia o nombre geográfico como elemento inicial QUIMICA - PROBLEMAS - EJERCICIOS
942 ## - ENTRADA DE ELEMENTOS AGREGADOS (KOHA)
Fuente de clasificaión o esquema Dewey Decimal Classification
Koha [por defecto] tipo de item LIbro
Existencias
Perdido Fuente de clasificación o esquema Estado Físico No para préstamo Forma de adquisición Localización permanente Localización actual Fecha adquisición Serie de enumeración / cronolog&íacute;a Préstamos totales Renovaciones totales Signatura completa Código de barras Fecha última consulta Fecha último préstamo Número de copia Fecha del precio de reemplazo Tipo de item de Koha
  Dewey Decimal Classification     Sala General Segundo Piso Biblioteca Pública Germán Arciniegas - Villavicencio Biblioteca Pública Germán Arciniegas - Villavicencio 12/04/2015 Volumen. 1 | 15/nov/2009 2 2 530 M357 22955 08/28/2017 08/12/2017 Ej. 1 12/04/2015 LIbro









Instituto Departamental de Cultura del Meta - Red Departamental de Bibliotecas Públicas del Meta.